The physical principles of ultra high vacuum : Systems and equipment

Enregistré dans:
Détails bibliographiques
Auteur principal: Robinson, Norman W. (Auteur)
Format: Livre
Langue:anglais
Publié: London : Chapman and Hall, 1968
Tags: Ajouter un tag
Pas de tags, Soyez le premier à ajouter un tag!

MARC

LEADER 00000nam a22000003a 4500
001 stu204749
005 20150617230054.4
008 100602s1968----uk------------------eng-d
040 |a STU  |b slo 
041 0 |a eng 
044 |a uk 
080 |a 533.5  |7 A000002165 
080 |a 531.788 
080 |a 621.52 
100 1 |a Robinson, Norman W.  |4 aut 
245 1 |a The physical principles of ultra high vacuum :  |b Systems and equipment 
260 |a London :  |b Chapman and Hall,  |c 1968 
300 |a 9, 270 s 
996 |b E22444  |c E*22444  |l EE11  |s P  |a 0  |w stu204749_0001